Manovigyan (Record no. 393763)
[ view plain ]
| 000 -LEADER | |
|---|---|
| fixed length control field | 00519 a2200205 4500 |
| 005 - DATE & TIME | |
| control field | 20260513120848.0 |
| 008 - FIXED-LENGTH DATA ELEMENTS--GENERAL INFORMATION | |
| fixed length control field | 260513b |||||||| |||| 00| 0 eng d |
| 020 ## - ISBN | |
| International Standard Book Number | 9789390461332 |
| Price | Rs. 750.00 |
| 040 ## - CATALOGING SOURCE | |
| Original cataloging agency | VIVEKANANDA LIBRARY |
| 082 ## - DDC NUMBER | |
| Classification number | 150 |
| Book Number | S64M |
| 100 ## - MAIN ENTRY--PERSONAL NAME | |
| Personal name | Singh, Neeraj Pratap |
| 245 ## - TITLE STATEMENT | |
| Title | Manovigyan |
| 260 ## - PUBLICATION, DISTRIBUTION, ETC. (IMPRINT) | |
| Name of publisher, distributor, etc | Khel Sahitya Kendra |
| Date of publication, distribution, etc | 2021 |
| Place of publication, distribution, etc | New Delhi |
| 300 ## - PHYSICAL DESCRIPTION | |
| Pages | 136 |
| 650 ## - Subject | |
| Subject | Psychology |
| 650 ## - Subject | |
| Subject | Intelligence Test |
| 650 ## - Subject | |
| Subject | Growth and Development |
| 700 ## - Added Entry Personal Name | |
| Added Entry Personal Name | Singh, Dhananjay |
| 942 ## - ADDED ENTRY ELEMENTS (KOHA) | |
| Koha item type | Books |
| Withdrawn status | Lost status | Source of classification or shelving scheme | Damaged status | Not for loan | Location (home branch) | Sublocation or collection (holding branch) | Shelving location | Date acquired | Koha issues (times borrowed) | Koha full call number | Accession No. | Koha date last seen | Koha item type |
|---|---|---|---|---|---|---|---|---|---|---|---|---|---|
| Dewey Decimal Classification | VIVEKANANDA LIBRARY | VIVEKANANDA LIBRARY | Vivekananda Library | 03/12/2025 | 150 S64M | 443372 | 03/12/2025 | Books |
